00659cam a2200169 i 4500020002200000040000800022082002600030245012700056260007600183300003100259490004100290650002800331710006100359710004200420942001000462999001700472 a9251007284 (pbk.) cDLC00a338 FOO 1979 C153 Or.00aChina, rural processing technology :bthe role of country, commune, and brigade enterprises in China's rural development / aRome :bFood and Agriculture Organization of the United Nations,c1979. axi, 63 p. :bmap ;c28 cm.1 aFAO agricultural services bulletin ; 0aFood industry and trade2 aFood and Agriculture Organization of the United Nations.2 aUnited Nations Development Programme. cAEDBB c18884d18884